Giáo trình phương pháp tính
Enregistré dans:
| Auteur principal: | |
|---|---|
| Format: | Livre |
| Langue: | Undetermined |
| Publié: |
TpHCM
ĐHQG
2003
|
| Sujets: | |
| Tags: |
Ajouter un tag
Pas de tags, Soyez le premier à ajouter un tag!
|
| Thư viện lưu trữ: | Trung tâm Học liệu Trường Đại học Cần Thơ |
|---|
| LEADER | 00513nam a2200181Ia 4500 | ||
|---|---|---|---|
| 001 | CTU_57021 | ||
| 008 | 210402s9999 xx 000 0 und d | ||
| 020 | |b 12500 | ||
| 082 | |a 515 | ||
| 082 | |b Th107 | ||
| 100 | |a Lê Thái Thanh | ||
| 245 | 0 | |a Giáo trình phương pháp tính | |
| 245 | 0 | |c Lê Thái Thanh, Lê Ngọc Lăng và Nguyễn Quốc Lân | |
| 260 | |a TpHCM | ||
| 260 | |b ĐHQG | ||
| 260 | |c 2003 | ||
| 650 | |a calculus | ||
| 980 | |a Trung tâm Học liệu Trường Đại học Cần Thơ | ||